[Event "DEM U8 2024"]
[Site "Willingen GER"]
[Date "2024.05.23"]
[Round "4"]
[White "Chanishvili, Noa"]
[Black "Stanisic, Lukas"]
[Result "1-0"]
[Termination "normal"]
[Board "10"]
[WhiteElo "1106"]
[BlackElo "1677"]
[WhiteClock "00:37:44"]
[BlackClock "00:22:27"]
[PlyCount "85"]
[WhiteFideId "34698264"]
[BlackFideId "79316433"]
[EventCountry "GER"]
[EventRounds "7"]
[EventType "swiss"]
[EventDate "2024.05.21"]

1. e4 {[%clk 01:00:26]} {[%emt 00:00:04]} c5 {[%emt 00:00:22]} 2. Nf3 {[%emt
00:00:04]} d6 {[%clk 00:59:50]} {[%emt 00:00:15]} 3. d4 {[%clk 01:00:32]}
{[%emt 00:00:08]} cxd4 {[%clk 00:59:38]} {[%emt 00:00:27]} 4. Nxd4 {[%clk
01:00:39]} {[%emt 00:00:09]} Nf6 {[%clk 00:59:43]} {[%emt 00:00:10]} 5. Nc3
{[%clk 01:00:46]} {[%emt 00:00:08]} g6 {[%clk 00:59:46]} {[%emt 00:00:11]} 6.
Be3 {[%clk 01:00:54]} {[%emt 00:00:07]} Bg7 {[%clk 00:59:51]} {[%emt 00:00:10]}
7. Bc4 {[%clk 01:00:50]} {[%emt 00:00:19]} O-O {[%clk 00:59:45]} {[%emt
00:00:22]} 8. Qd2 {[%clk 01:00:59]} {[%emt 00:00:06]} Nc6 {[%clk 00:59:42]}
{[%emt 00:00:17]} 9. Nb3 {[%clk 01:00:49]} {[%emt 00:00:25]} Ng4 {[%emt
00:00:52]} 10. O-O {[%clk 01:00:12]} {[%emt 00:00:49]} Nxe3 {[%clk 00:58:56]}
{[%emt 00:00:27]} 11. Qxe3 {[%clk 01:00:15]} {[%emt 00:00:12]} Qc7 {[%clk
00:58:05]} {[%emt 00:01:05]} 12. Bd3 {[%clk 00:59:24]} {[%emt 00:01:08]} Ne5
{[%clk 00:57:33]} {[%emt 00:00:46]} 13. Be2 {[%clk 00:59:11]} {[%emt 00:00:29]}
Be6 {[%clk 00:56:58]} {[%emt 00:00:46]} 14. Rfe1 {[%clk 00:58:00]} {[%emt
00:01:29]} a6 {[%clk 00:56:15]} {[%emt 00:00:58]} 15. Rad1 {[%clk 00:57:20]}
{[%emt 00:00:56]} Bc4 {[%clk 00:55:14]} {[%emt 00:01:12]} 16. Nd5 {[%clk
00:55:29]} {[%emt 00:02:09]} Bxd5 {[%clk 00:54:28]} {[%emt 00:01:02]} 17. Rxd5
{[%clk 00:55:32]} {[%emt 00:00:13]} Qxc2 {[%clk 00:53:34]} {[%emt 00:01:09]}
18. Rd2 {[%clk 00:53:25]} {[%emt 00:02:21]} Qc7 {[%clk 00:53:23]} {[%emt
00:00:25]} 19. Rc1 {[%clk 00:53:33]} {[%emt 00:00:08]} Qd7 {[%clk 00:51:12]}
{[%emt 00:02:26]} 20. Nc5 {[%clk 00:52:41]} {[%emt 00:01:07]} Qc7 {[%clk
00:48:36]} {[%emt 00:02:51]} 21. Nb3 {[%clk 00:52:38]} {[%emt 00:00:16]} Nc6
{[%clk 00:46:36]} {[%emt 00:02:15]} 22. f3 {[%clk 00:50:57]} {[%emt 00:01:59]}
Rac8 {[%clk 00:45:41]} {[%emt 00:01:09]} 23. Nd4 {[%clk 00:48:12]} {[%emt
00:03:01]} Bxd4 {[%clk 00:45:28]} {[%emt 00:00:28]} 24. Rxd4 {[%clk 00:48:15]}
{[%emt 00:00:11]} Qb6 {[%clk 00:45:29]} {[%emt 00:00:12]} 25. Rd3 {[%clk
00:47:55]} {[%emt 00:00:37]} Qxb2 {[%clk 00:45:04]} {[%emt 00:00:41]} 26. Rb3
{[%clk 00:47:39]} {[%emt 00:00:30]} Qxa2 {[%clk 00:42:42]} {[%emt 00:02:34]}
27. Rxb7 {[%clk 00:47:41]} {[%emt 00:00:17]} Nd4 {[%clk 00:39:28]} {[%emt
00:03:25]} 28. Bf1 {[%clk 00:46:32]} {[%emt 00:01:25]} e5 {[%clk 00:37:40]}
{[%emt 00:02:02]} 29. Rxc8 {[%clk 00:45:25]} {[%emt 00:01:25]} Rxc8 {[%clk
00:37:13]} {[%emt 00:00:43]} 30. h3 {[%clk 00:44:37]} {[%emt 00:01:01]} Qa1
{[%clk 00:35:34]} {[%emt 00:01:55]} 31. Rd7 {[%clk 00:43:29]} {[%emt 00:01:22]}
Rc1 {[%clk 00:34:29]} {[%emt 00:01:20]} 32. Qd3 {[%clk 00:42:40]} {[%emt
00:01:05]} Rc6 {[%clk 00:31:36]} {[%emt 00:03:06]} 33. Kh2 {[%clk 00:41:37]}
{[%emt 00:01:19]} a5 {[%clk 00:31:15]} {[%emt 00:00:37]} 34. Ra7 {[%clk
00:40:41]} {[%emt 00:01:11]} a4 {[%clk 00:29:38]} {[%emt 00:01:51]} 35. Ra8+
{[%clk 00:39:20]} {[%emt 00:01:36]} Kg7 {[%clk 00:28:40]} {[%emt 00:01:12]} 36.
Ra7 {[%clk 00:38:59]} {[%emt 00:00:39]} Rc3 {[%clk 00:27:39]} {[%emt 00:01:15]}
37. Qa6 {[%clk 00:38:45]} {[%emt 00:00:29]} a3 {[%clk 00:27:29]} {[%emt
00:00:25]} 38. Qb7 {[%clk 00:38:24]} {[%emt 00:00:35]} Qxf1 {[%clk 00:26:24]}
{[%emt 00:01:21]} 39. Qxf7+ {[%clk 00:38:20]} {[%emt 00:00:20]} Kh6 {[%clk
00:26:08]} {[%emt 00:00:31]} 40. Qxh7+ {[%clk 00:37:48]} {[%emt 00:00:45]} Kg5
{[%clk 00:23:57]} {[%emt 00:02:28]} 41. h4+ {[%clk 00:37:33]} {[%emt 00:00:30]}
Kf4 {[%clk 00:22:48]} {[%emt 00:01:23]} 42. Qh6+ {[%clk 00:37:33]} {[%emt
00:00:15]} g5 {[%clk 00:22:27]} {[%emt 00:00:36]} 43. Qxg5# {[%clk 00:37:44]}
{[%emt 00:00:06]} 1-0

[Event "DEM U8 2024"]
[Site "Willingen GER"]
[Date "2024.05.23"]
[Round "4"]
[White "Liu, Mio Runhan"]
[Black "Siegel, Vitus"]
[Result "0-1"]
[Termination "normal"]
[Board "11"]
[WhiteElo "1101"]
[BlackElo "1345"]
[WhiteClock "00:49:48"]
[BlackClock "00:51:06"]
[PlyCount "56"]
[WhiteFideId "34678760"]
[BlackFideId "34694102"]
[EventCountry "GER"]
[EventRounds "7"]
[EventType "swiss"]
[EventDate "2024.05.21"]

1. e4 {[%clk 01:00:25]} {[%emt 00:00:04]} e5 {[%clk 01:00:18]} {[%emt
00:00:12]} 2. Nf3 {[%clk 01:00:35]} {[%emt 00:00:05]} Nc6 {[%clk 01:00:19]}
{[%emt 00:00:14]} 3. Bc4 {[%clk 01:00:41]} {[%emt 00:00:09]} Bc5 {[%emt
00:00:23]} 4. d3 {[%clk 01:00:32]} {[%emt 00:00:22]} Nf6 {[%clk 01:00:14]}
{[%emt 00:00:14]} 5. Nc3 {[%clk 01:00:35]} {[%emt 00:00:12]} O-O {[%clk
01:00:05]} {[%emt 00:00:23]} 6. O-O {[%clk 01:00:47]} {[%emt 00:00:04]} h6
{[%clk 01:00:08]} {[%emt 00:00:11]} 7. Be3 {[%clk 01:00:57]} {[%emt 00:00:06]}
Bxe3 {[%clk 00:59:59]} {[%emt 00:00:23]} 8. fxe3 {[%clk 01:01:05]} {[%emt
00:00:08]} Na5 {[%clk 00:59:45]} {[%emt 00:00:28]} 9. Nxe5 {[%clk 01:00:39]}
{[%emt 00:00:41]} d6 {[%clk 00:59:40]} {[%emt 00:00:20]} 10. b4 {[%clk
01:00:14]} {[%emt 00:00:41]} dxe5 {[%clk 00:59:31]} {[%emt 00:00:22]} 11. bxa5
{[%clk 00:59:55]} {[%emt 00:00:14]} c6 {[%clk 00:59:46]} 12. d4 {[%clk
00:59:31]} {[%emt 00:01:00]} exd4 {[%clk 00:59:39]} {[%emt 00:00:22]} 13. exd4
{[%clk 00:59:39]} {[%emt 00:00:08]} Qxa5 {[%clk 00:59:30]} {[%emt 00:00:24]}
14. Qd3 {[%clk 00:59:05]} {[%emt 00:00:49]} Be6 {[%clk 00:58:33]} {[%emt
00:01:12]} 15. Bb3 {[%clk 00:58:58]} {[%emt 00:00:22]} Rad8 {[%clk 00:58:11]}
{[%emt 00:00:37]} 16. e5 {[%clk 00:58:14]} {[%emt 00:00:59]} Ne8 {[%clk
00:57:19]} {[%emt 00:01:07]} 17. Ne4 {[%clk 00:57:22]} {[%emt 00:01:06]} Qb6
{[%clk 00:57:10]} {[%emt 00:00:24]} 18. Nc5 {[%clk 00:56:52]} {[%emt 00:00:46]}
Nc7 {[%clk 00:56:12]} {[%emt 00:01:12]} 19. c4 {[%clk 00:55:57]} {[%emt
00:01:12]} Qxc5 {[%clk 00:56:10]} {[%emt 00:00:18]} 20. Rad1 {[%clk 00:55:12]}
{[%emt 00:00:57]} Qb6 {[%clk 00:55:26]} {[%emt 00:01:01]} 21. Bc2 {[%clk
00:54:00]} {[%emt 00:01:27]} g6 {[%clk 00:54:53]} {[%emt 00:00:48]} 22. Rf3
{[%clk 00:53:17]} {[%emt 00:00:58]} Kh7 {[%clk 00:53:25]} {[%emt 00:01:42]} 23.
Rg3 {[%clk 00:53:00]} {[%emt 00:00:32]} Bf5 {[%clk 00:52:59]} {[%emt 00:00:41]}
24. Qd2 {[%clk 00:52:11]} {[%emt 00:01:05]} Bxc2 {[%clk 00:52:05]} {[%emt
00:01:09]} 25. Rh3 {[%clk 00:52:00]} {[%emt 00:00:25]} h5 {[%clk 00:51:55]}
{[%emt 00:00:25]} 26. Qxc2 {[%clk 00:51:41]} {[%emt 00:00:34]} Kg7 {[%clk
00:51:27]} {[%emt 00:00:42]} 27. c5 {[%clk 00:51:03]} {[%emt 00:00:53]} Qb4
{[%clk 00:51:26]} {[%emt 00:00:15]} 28. Rdd3 {[%clk 00:49:48]} {[%emt
00:01:31]} Qe1# {[%clk 00:51:06]} {[%emt 00:00:35]} 0-1

[Event "DEM U8 2024"]
[Site "Willingen GER"]
[Date "2024.05.23"]
[Round "4"]
[White "Rudnizki, Valentin"]
[Black "Weis, Robert"]
[Result "0-1"]
[Termination "normal"]
[Board "12"]
[WhiteElo "1319"]
[BlackElo "1082"]
[WhiteClock "00:17:50"]
[BlackClock "00:40:29"]
[PlyCount "103"]
[WhiteFideId "34673369"]
[BlackFideId "1362810"]
[EventCountry "GER"]
[EventRounds "7"]
[EventType "swiss"]
[EventDate "2024.05.21"]

1. e4 {[%clk 01:00:27]} {[%emt 00:00:02]} e5 {[%clk 01:00:19]} {[%emt
00:00:12]} 2. Nf3 {[%clk 01:00:16]} {[%emt 00:00:27]} Nc6 {[%clk 01:00:25]}
{[%emt 00:00:08]} 3. Bc4 {[%clk 01:00:09]} {[%emt 00:00:21]} Bc5 {[%clk
01:00:35]} {[%emt 00:00:06]} 4. c3 {[%clk 01:00:13]} {[%emt 00:00:11]} Nf6
{[%clk 01:00:46]} {[%emt 00:00:05]} 5. d4 {[%clk 00:59:45]} {[%emt 00:00:43]}
exd4 {[%clk 01:00:55]} {[%emt 00:00:06]} 6. cxd4 {[%clk 00:59:32]} {[%emt
00:00:28]} Bb4+ {[%clk 01:00:59]} {[%emt 00:00:13]} 7. Bd2 {[%clk 00:59:32]}
{[%emt 00:00:15]} Bxd2+ {[%clk 01:01:08]} {[%emt 00:00:06]} 8. Nbxd2 {[%clk
00:59:25]} {[%emt 00:00:21]} d5 {[%clk 01:01:09]} {[%emt 00:00:15]} 9. exd5
{[%clk 00:59:10]} {[%emt 00:00:30]} Nxd5 {[%clk 01:01:13]} {[%emt 00:00:11]}
10. O-O {[%clk 00:59:11]} {[%emt 00:00:14]} O-O {[%clk 01:01:23]} {[%emt
00:00:05]} 11. Re1 {[%clk 00:59:02]} {[%emt 00:00:23]} Bg4 {[%clk 01:01:31]}
{[%emt 00:00:08]} 12. h3 {[%clk 00:58:55]} {[%emt 00:00:22]} Bh5 {[%clk
01:01:40]} {[%emt 00:00:05]} 13. Qc2 {[%clk 00:57:58]} {[%emt 00:01:13]} Nb6
{[%clk 01:01:37]} {[%emt 00:00:19]} 14. Bd3 {[%clk 00:57:27]} {[%emt 00:00:46]}
h6 {[%clk 01:01:28]} {[%emt 00:00:23]} 15. Qc3 {[%clk 00:52:27]} {[%emt
00:05:16]} Nd5 {[%clk 00:59:44]} {[%emt 00:01:59]} 16. Qc5 {[%clk 00:50:28]}
{[%emt 00:02:13]} Ncb4 {[%clk 00:58:00]} {[%emt 00:01:59]} 17. Be4 {[%clk
00:47:57]} {[%emt 00:02:45]} b6 {[%clk 00:56:38]} {[%emt 00:01:37]} 18. Qc4
{[%clk 00:47:57]} {[%emt 00:00:16]} f5 {[%clk 00:55:34]} {[%emt 00:01:19]} 19.
Bxd5+ {[%clk 00:47:05]} {[%emt 00:01:06]} Nxd5 {[%clk 00:55:12]} {[%emt
00:00:38]} 20. Re5 {[%clk 00:46:34]} {[%emt 00:00:46]} Bf7 {[%clk 00:54:54]}
{[%emt 00:00:31]} 21. Qc2 {[%clk 00:44:29]} {[%emt 00:02:22]} Ne7 {[%clk
00:54:04]} {[%emt 00:01:04]} 22. Rae1 {[%clk 00:44:10]} {[%emt 00:00:34]} Re8
{[%clk 00:52:32]} {[%emt 00:01:46]} 23. Nh4 {[%clk 00:38:57]} {[%emt 00:05:29]}
Qd7 {[%clk 00:51:34]} {[%emt 00:01:13]} 24. Qd3 {[%clk 00:35:35]} {[%emt
00:03:37]} Ng6 {[%clk 00:50:10]} {[%emt 00:01:39]} 25. Rxe8+ {[%clk 00:34:44]}
{[%emt 00:01:06]} Rxe8 {[%clk 00:50:10]} {[%emt 00:00:16]} 26. Rxe8+ {[%clk
00:34:48]} {[%emt 00:00:10]} Qxe8 {[%clk 00:50:17]} {[%emt 00:00:08]} 27. Nxf5
{[%clk 00:34:21]} {[%emt 00:00:42]} Nf4 {[%clk 00:49:17]} {[%emt 00:01:15]} 28.
Qe3 {[%clk 00:33:43]} {[%emt 00:00:54]} Qxe3 {[%clk 00:49:18]} {[%emt
00:00:13]} 29. fxe3 {[%clk 00:33:34]} {[%emt 00:00:25]} Nd3 {[%clk 00:49:23]}
{[%emt 00:00:10]} 30. b3 {[%clk 00:33:25]} {[%emt 00:00:24]} Nc1 {[%clk
00:49:29]} {[%emt 00:00:09]} 31. a4 {[%clk 00:33:24]} {[%emt 00:00:17]} Nxb3
{[%clk 00:49:36]} {[%emt 00:00:08]} 32. Nf3 {[%clk 00:32:16]} {[%emt 00:01:22]}
c5 {[%clk 00:49:09]} {[%emt 00:00:42]} 33. d5 {[%clk 00:32:17]} {[%emt
00:00:15]} c4 {[%clk 00:47:43]} {[%emt 00:01:41]} 34. Ne1 {[%clk 00:31:54]}
{[%emt 00:00:38]} Kf8 {[%clk 00:46:33]} {[%emt 00:01:24]} 35. e4 {[%clk
00:31:32]} {[%emt 00:00:38]} Nc5 {[%clk 00:46:42]} {[%emt 00:00:06]} 36. d6
{[%clk 00:30:37]} {[%emt 00:01:10]} Be6 {[%clk 00:46:43]} {[%emt 00:00:13]} 37.
Ng3 {[%clk 00:30:28]} {[%emt 00:00:25]} Nxa4 {[%clk 00:46:18]} {[%emt
00:00:40]} 38. Kf2 {[%clk 00:28:53]} {[%emt 00:01:49]} b5 {[%clk 00:46:20]}
{[%emt 00:00:14]} 39. Ke3 {[%clk 00:28:40]} {[%emt 00:00:28]} b4 {[%clk
00:46:17]} {[%emt 00:00:18]} 40. Kd2 {[%clk 00:27:46]} {[%emt 00:01:08]} c3+
{[%clk 00:46:01]} {[%emt 00:00:31]} 41. Kc1 {[%clk 00:27:29]} {[%emt 00:00:32]}
b3 {[%clk 00:45:40]} {[%emt 00:00:36]} 42. Ne2 {[%clk 00:26:05]} {[%emt
00:01:39]} Bc4 {[%clk 00:43:29]} {[%emt 00:02:26]} 43. Nd4 {[%clk 00:24:20]}
{[%emt 00:02:01]} Ke8 {[%clk 00:43:15]} {[%emt 00:00:29]} 44. e5 {[%clk
00:23:40]} {[%emt 00:00:54]} Nc5 {[%clk 00:41:57]} {[%emt 00:01:34]} 45. Nf5
{[%clk 00:22:12]} {[%emt 00:01:43]} Nd3+ {[%clk 00:41:27]} {[%emt 00:00:45]}
46. Nxd3 {[%clk 00:20:39]} {[%emt 00:01:47]} Bxd3 {[%clk 00:41:31]} {[%emt
00:00:11]} 47. Nxg7+ {[%clk 00:19:38]} {[%emt 00:01:17]} Kd7 {[%clk 00:41:07]}
{[%emt 00:00:39]} 48. e6+ {[%clk 00:18:32]} {[%emt 00:01:21]} Kxd6 {[%clk
00:40:46]} {[%emt 00:00:35]} 49. Ne8+ {[%clk 00:17:43]} {[%emt 00:01:05]} Kxe6
{[%clk 00:40:33]} {[%emt 00:00:27]} 50. Nc7+ {[%clk 00:17:47]} {[%emt
00:00:12]} Kd7 {[%clk 00:40:37]} {[%emt 00:00:11]} 51. Nd5 {[%clk 00:17:50]}
{[%emt 00:00:12]} b2+ {[%clk 00:40:29]} {[%emt 00:00:23]} 52. Kd1 {[%emt
00:00:36]} 0-1

[Event "DEM U8 2024"]
[Site "Willingen GER"]
[Date "2024.05.23"]
[Round "4"]
[White "Hobbie, Benjamin"]
[Black "Al Luwaisi, Taim"]
[Result "0-1"]
[Termination "normal"]
[Board "13"]
[WhiteElo "945"]
[BlackElo "1198"]
[WhiteClock "00:49:29"]
[BlackClock "00:21:07"]
[PlyCount "76"]
[WhiteFideId "34676589"]
[BlackFideId "34645896"]
[EventCountry "GER"]
[EventRounds "7"]
[EventType "swiss"]
[EventDate "2024.05.21"]

1. e4 {[%clk 01:00:28]} c6 {[%clk 01:00:20]} {[%emt 00:00:11]} 2. Nf3 {[%clk
01:00:33]} {[%emt 00:00:10]} d5 {[%clk 01:00:27]} {[%emt 00:00:09]} 3. Nc3
{[%clk 01:00:38]} {[%emt 00:00:09]} dxe4 {[%clk 01:00:32]} {[%emt 00:00:10]} 4.
Nxe4 {[%clk 01:00:47]} {[%emt 00:00:07]} Nf6 {[%clk 01:00:38]} {[%emt
00:00:08]} 5. Qe2 {[%clk 01:00:39]} {[%emt 00:00:13]} Nxe4 {[%clk 01:00:10]}
{[%emt 00:00:54]} 6. Qxe4 {[%clk 01:00:33]} {[%emt 00:00:13]} Nd7 {[%clk
00:57:28]} {[%emt 00:03:05]} 7. Bc4 {[%clk 01:00:22]} {[%emt 00:00:23]} Nf6
{[%clk 00:57:26]} {[%emt 00:00:20]} 8. Ne5 {[%clk 01:00:18]} {[%emt 00:00:20]}
e6 {[%clk 00:56:50]} {[%emt 00:00:50]} 9. Qe2 {[%clk 00:59:10]} {[%emt
00:01:01]} Nd5 {[%clk 00:53:09]} {[%emt 00:04:18]} 10. f4 {[%clk 00:58:06]}
{[%emt 00:01:18]} Nxf4 {[%clk 00:49:26]} {[%emt 00:03:59]} 11. Qf3 {[%clk
00:57:55]} {[%emt 00:00:20]} Qd4 {[%clk 00:48:00]} {[%emt 00:01:47]} 12. Nxf7
{[%clk 00:57:04]} {[%emt 00:00:56]} Kxf7 {[%clk 00:46:50]} {[%emt 00:01:34]}
13. d3 {[%emt 00:00:22]} Bb4+ {[%clk 00:42:42]} {[%emt 00:04:18]} 14. Kf1
{[%clk 00:56:47]} {[%emt 00:00:25]} Ke8 {[%clk 00:42:28]} {[%emt 00:00:36]} 15.
Qxf4 {[%clk 00:56:37]} {[%emt 00:00:19]} Rf8 {[%clk 00:42:22]} {[%emt
00:00:28]} 16. Qxf8+ {[%clk 00:56:31]} {[%emt 00:00:21]} Kxf8 {[%clk 00:42:20]}
{[%emt 00:00:16]} 17. Ke2 {[%emt 00:00:08]} e5 {[%emt 00:01:01]} 18. Rf1+
{[%clk 00:55:27]} {[%emt 00:00:10]} Ke8 {[%clk 00:42:09]} {[%emt 00:00:26]} 19.
Bf7+ {[%clk 00:55:31]} {[%emt 00:00:10]} Kd8 {[%clk 00:41:52]} {[%emt
00:00:34]} 20. c3 {[%clk 00:55:43]} {[%emt 00:00:03]} Qg4+ {[%clk 00:40:20]}
{[%emt 00:01:47]} 21. Ke1 {[%emt 00:01:40]} Bf5 {[%clk 00:38:31]} {[%emt
00:02:00]} 22. Be3 {[%clk 00:53:54]} {[%emt 00:00:38]} Bxd3 {[%clk 00:36:35]}
{[%emt 00:02:15]} 23. Rf2 {[%clk 00:54:01]} {[%emt 00:00:09]} Be7 {[%clk
00:36:02]} {[%emt 00:00:48]} 24. Rd1 {[%clk 00:54:07]} {[%emt 00:00:10]} e4
{[%clk 00:35:50]} {[%emt 00:00:26]} 25. Bc4 {[%clk 00:54:13]} {[%emt 00:00:10]}
Kc7 {[%clk 00:34:02]} {[%emt 00:02:03]} 26. Bxd3 {[%emt 00:00:16]} Rd8 {[%emt
00:00:16]} 27. Be2 {[%clk 00:53:44]} {[%emt 00:00:11]} Rxd1+ 28. Bxd1 {[%clk
00:53:45]} Qe6 {[%clk 00:32:45]} {[%emt 00:00:44]} 29. Bb3 {[%clk 00:53:44]}
{[%emt 00:00:16]} Qg6 {[%clk 00:31:33]} {[%emt 00:01:28]} 30. Bf7 {[%clk
00:53:27]} {[%emt 00:00:25]} Qg4 {[%clk 00:31:02]} {[%emt 00:00:53]} 31. Bf4+
{[%clk 00:53:22]} {[%emt 00:00:20]} Kc8 {[%clk 00:30:26]} {[%emt 00:00:51]} 32.
g3 {[%clk 00:52:35]} {[%emt 00:01:01]} h5 {[%clk 00:28:18]} {[%emt 00:02:24]}
33. Rd2 {[%clk 00:52:35]} {[%emt 00:00:11]} h4 {[%clk 00:27:57]} {[%emt
00:00:40]} 34. Kf2 {[%clk 00:50:18]} {[%emt 00:02:33]} hxg3+ {[%clk 00:25:20]}
{[%emt 00:02:51]} 35. hxg3 {[%clk 00:50:11]} {[%emt 00:00:18]} Bc5+ {[%clk
00:22:44]} {[%emt 00:02:55]} 36. Ke1 {[%clk 00:50:00]} {[%emt 00:00:17]} e3
{[%clk 00:22:20]} {[%emt 00:00:50]} 37. Re2 {[%clk 00:49:34]} {[%emt 00:00:39]}
Qf5 {[%clk 00:21:07]} {[%emt 00:01:29]} 38. Bg8 {[%clk 00:49:29]} {[%emt
00:00:20]} Qb1# {[%emt 00:00:20]} 0-1

[Event "DEM U8 2024"]
[Site "Willingen GER"]
[Date "2024.05.23"]
[Round "4"]
[White "Peterson, James"]
[Black "Wang, Kaichen"]
[Result "1-0"]
[Termination "normal"]
[Board "14"]
[WhiteElo "1171"]
[BlackElo "1599"]
[WhiteClock "00:21:51"]
[BlackClock "00:24:31"]
[PlyCount "63"]
[WhiteFideId "34692452"]
[BlackFideId "34626891"]
[EventCountry "GER"]
[EventRounds "7"]
[EventType "swiss"]
[EventDate "2024.05.21"]

1. d4 {[%clk 01:00:23]} {[%emt 00:00:06]} Nf6 {[%clk 01:00:20]} {[%emt
00:00:11]} 2. Nf3 {[%clk 01:00:28]} {[%emt 00:00:10]} g6 {[%clk 01:00:27]}
{[%emt 00:00:07]} 3. Nc3 {[%clk 01:00:25]} {[%emt 00:00:18]} Bg7 {[%clk
01:00:32]} {[%emt 00:00:11]} 4. e4 {[%clk 01:00:12]} {[%emt 00:00:27]} d6
{[%clk 01:00:28]} {[%emt 00:00:20]} 5. Bc4 {[%clk 00:59:36]} {[%emt 00:00:50]}
O-O {[%clk 01:00:25]} {[%emt 00:00:20]} 6. O-O {[%clk 00:59:29]} {[%emt
00:00:20]} e5 {[%clk 00:59:14]} {[%emt 00:01:26]} 7. Re1 {[%clk 00:56:33]}
{[%emt 00:03:11]} exd4 {[%clk 00:58:15]} {[%emt 00:01:14]} 8. Nxd4 {[%clk
00:56:33]} {[%emt 00:00:14]} c5 {[%clk 00:58:11]} {[%emt 00:00:20]} 9. Nf3
{[%clk 00:55:15]} {[%emt 00:01:32]} a6 {[%clk 00:57:17]} {[%emt 00:01:11]} 10.
a4 {[%clk 00:54:57]} {[%emt 00:00:31]} Nc6 {[%clk 00:55:54]} {[%emt 00:01:39]}
11. Bf4 {[%clk 00:54:25]} {[%emt 00:00:47]} Bg4 {[%clk 00:54:07]} {[%emt
00:02:02]} 12. Be2 {[%clk 00:53:12]} {[%emt 00:01:26]} Bxf3 {[%clk 00:50:22]}
{[%emt 00:01:23]} 13. Bxf3 {[%clk 00:53:21]} {[%emt 00:02:45]} Nd4 {[%clk
00:50:09]} {[%emt 00:00:29]} 14. Be3 {[%clk 00:51:47]} {[%emt 00:01:48]} Nxf3+
{[%clk 00:48:49]} {[%emt 00:01:36]} 15. Qxf3 {[%clk 00:51:47]} {[%emt
00:00:14]} Qc7 {[%clk 00:46:50]} {[%emt 00:02:04]} 16. Rad1 {[%clk 00:51:18]}
{[%emt 00:00:50]} Qc6 {[%clk 00:45:33]} {[%emt 00:01:37]} 17. Rd2 {[%clk
00:47:36]} {[%emt 00:03:57]} Rad8 {[%clk 00:44:46]} {[%emt 00:01:02]} 18. Red1
{[%clk 00:46:40]} {[%emt 00:01:05]} Rd7 {[%clk 00:44:12]} {[%emt 00:00:54]} 19.
Bg5 {[%clk 00:40:20]} {[%emt 00:06:35]} Ne8 {[%clk 00:40:35]} {[%emt 00:03:53]}
20. Bf4 {[%clk 00:38:20]} {[%emt 00:02:14]} Nf6 {[%clk 00:38:51]} {[%emt
00:01:59]} 21. Rxd6 {[%clk 00:36:40]} {[%emt 00:01:54]} Rxd6 {[%clk 00:38:35]}
{[%emt 00:00:32]} 22. Rxd6 {[%clk 00:36:14]} {[%emt 00:00:41]} Qc8 {[%clk
00:38:01]} {[%emt 00:00:49]} 23. e5 {[%clk 00:34:27]} {[%emt 00:02:03]} Nd7
{[%clk 00:35:29]} {[%emt 00:02:46]} 24. Nd5 {[%clk 00:33:37]} {[%emt 00:01:04]}
Re8 {[%emt 00:00:51]} 25. Qh3 {[%clk 00:28:01]} {[%emt 00:05:46]} Bxe5 {[%clk
00:30:22]} {[%emt 00:04:52]} 26. Bxe5 {[%clk 00:27:37]} {[%emt 00:00:39]} Rxe5
{[%clk 00:26:52]} {[%emt 00:03:44]} 27. g3 {[%clk 00:26:07]} {[%emt 00:01:46]}
Nb6 {[%clk 00:26:23]} {[%emt 00:00:42]} 28. Nf6+ {[%clk 00:23:43]} {[%emt
00:02:42]} Kg7 {[%clk 00:25:01]} {[%emt 00:01:36]} 29. Qxh7+ {[%clk 00:23:34]}
{[%emt 00:00:24]} Kf8 {[%clk 00:24:29]} {[%emt 00:00:47]} 30. Rxb6 {[%clk
00:22:29]} {[%emt 00:01:19]} Qc7 {[%clk 00:24:28]} {[%emt 00:00:14]} 31. Qg8+
{[%clk 00:22:05]} {[%emt 00:00:39]} Ke7 {[%clk 00:24:31]} {[%emt 00:00:16]} 32.
Qe8# {[%clk 00:21:51]} {[%emt 00:00:14]} 1-0